[Event "29th CRO-chT Junior 2020"]
[Site "Cakovec"]
[Date "2020.07.16"]
[Round "5.7"]
[White "Baric, Marko"]
[Black "Sagovac, Kristijan"]
[Result "1-0"]
[WhiteElo "1831"]
[BlackElo "1839"]
[Annotator "NA RC"]
[PlyCount "111"]
[EventDate "2020.07.14"]
[EventType "team-tourn"]
[EventCountry "CRO"]
[SourceTitle "playchess.com"]
[Source "ChessBase"]
[SourceQuality "1"]
[TimeControl "5400+30"]

{[%evp 8,110,85,86,80,74,72,66,77,95,97,110,94,92,104,72,95,80,87,93,32767,32767,32767,32767,32767,85,129,117,103,109,439,472,495,510,535,483,466,486,434,518,515,32767,32767,32767,32767,462,458,436,438,32767,32767,32767,32767,32767,32767,32767,32767,32767,32767,32767,32767,32767,32767,32767,540,540,520,32767,32767,520,32767,32767,32767,32767,32767,32767,32767,639,606,711,656,32767,32767,32767,32767,32767,745,32767,32767,32767,32767,32767,32767,32767,32767,32767,32767,32767,32767,32767,32767,32767,32767,12843,6535]} 1. e4 {[%emt 0:04:30]} c5 {[%emt 0:00:30]} 2. Nf3 {[%emt 0:00:00]} Nc6 {[%emt 0:00:00]} 3. Bb5 {[%emt 0:00:00]} e5 {[%emt 0:03:00]} 4. O-O {[%emt 0:04:30]} d6 {[%emt 0:04:30]} 5. c3 {[%emt 0:06:30]} Nf6 {[%emt 0:02:30]} 6. d4 {[%emt 0:02:30] B51: Sicilian: Moscow Variation (3 Bb5+) without 3...Bd7.} cxd4 {[%emt 0:02:30]} 7. cxd4 {[%emt 0:01:30]} Bd7 {[%emt 0:19:30]} 8. dxe5 {[%emt 0:08:30]} Nxe5 {[%emt 0:04:30]} 9. Bxd7+ {[%emt 0:03:30]} Qxd7 {[%emt 0:01:30] [#]} 10. Nc3 $146 {[%emt 0:00:30]} ({Predecessor:} 10. Nxe5 dxe5 11. Qb3 Bd6 12. Nc3 Qc6 13. Re1 O-O 14. Bg5 Bc5 15. Rac1 {0-1 (31) Gonzalez,M (2255)-Perez Moregon,J Havana 1992}) 10... Be7 {[%emt 0:01:30]} 11. Bf4 {[%emt 0:07:30]} Ng6 {[%emt 0:02:30]} 12. Bg3 {[%emt 0:02:30]} O-O {[%emt 0:02:30]} 13. Qb3 {[%emt 0:07:30]} b6 {[%emt 0:12:30]} 14. Rad1 {[%emt 0:02:30]} Qb7 {[%emt 0:00:30]} 15. Rfe1 {[%emt 0:02:30]} Rad8 {[%emt 0:01:30]} 16. Nd4 {[%emt 0:08:30]} Rfe8 {[%emt 0:03:30]} 17. Nf5 {[%emt 0:06:30]} Bf8 {[%emt 0:00:30]} 18. Bxd6 {[%emt 0:03:30]} Nxe4 $2 {[%emt 0:01:30]} (18... Nh4 $16 {is more resistant.}) 19. Bxf8 {[%emt 0:02:30]} Rxd1 {[%emt 0:09:30]} 20. Qxd1 {[%emt 0:01:30]} ({Weaker is} 20. Rxd1 Rxf8 21. Nd5 Kh8 $14) 20... Qc8 {[%emt 0:08:13]} 21. Rxe4 {[%emt 0:08:41]} Rxe4 {[%emt 0:00:55]} 22. Nd6 {[%emt 0:00:13]} ({Much less strong is} 22. Nxe4 Qxf5 23. Bb4 h6 $18) 22... Re1+ {[%emt 0:05:12]} 23. Qxe1 {[%emt 0:00:51]} Qxf8 {[%emt 0:00:00]} 24. Qe8 {[%emt 0:00:00]} Qxe8 {[%emt 0:00:02]} 25. Nxe8 {[%emt 0:00:15]} Ne5 {[%emt 0:00:04]} 26. Nc7 {[%emt 0:01:37]} Kf8 {[%emt 0:00:10]} 27. b3 {[%emt 0:02:18]} Ke7 {[%emt 0:00:53]} 28. N7b5 {[%emt 0:00:33]} Nc6 {[%emt 0:00:11]} 29. Kf1 {[%emt 0:01:12]} Kd7 {[%emt 0:00:04]} 30. Ne4 {[%emt 0:01:08]} f5 {[%emt 0:00:21]} 31. Nd2 {[%emt 0:00:40]} a6 {[%emt 0:00:14]} 32. Nc3 {[%emt 0:00:20]} b5 {[%emt 0:00:54]} 33. Ke2 {[%emt 0:01:35]} Kd6 {[%emt 0:00:25]} 34. Nf3 {[%emt 0:01:19]} Kc5 {[%emt 0:00:17]} 35. Kd3 {[%emt 0:00:58]} a5 {[%emt 0:00:37]} 36. Ng5 {[%emt 0:02:49]} Ne5+ {[%emt 0:01:17]} 37. Kc2 {[%emt 0:01:21]} g6 {[%emt 0:01:20]} 38. h3 {[%emt 0:01:23]} h5 {[%emt 0:00:36]} 39. Ne6+ {[%emt 0:00:12]} Kd6 {[%emt 0:03:07]} 40. Nf4 {[%emt 0:00:42]} b4 {[%emt 0:00:00]} 41. Nce2 {[%emt 0:00:39]} h4 {[%emt 0:01:09]} 42. Nd3 {[%emt 0:00:55]} Nd7 {[%emt 0:02:19]} 43. Kd2 {[%emt 0:00:32]} Nf6 {[%emt 0:00:17]} 44. Nb2 {[%emt 0:00:55]} Ne4+ {[%emt 0:00:30]} 45. Ke3 {[%emt 0:00:07]} Kc5 {[%emt 0:00:33]} 46. Nd3+ {[%emt 0:00:15]} Kd6 {[%emt 0:04:34]} 47. Kd4 {[%emt 0:01:13]} g5 {[%emt 0:01:00]} 48. Kc4 {[%emt 0:00:30]} g4 {[%emt 0:00:21]} 49. Kb5 {[%emt 0:00:53]} Nc3+ {[%emt 0:00:00]} 50. Nxc3 {[%emt 0:00:00]} bxc3 {[%emt 0:00:12]} 51. Kc4 {[%emt 0:00:20]} c2 {[%emt 0:00:30]} 52. Kc3 {[%emt 0:00:34]} gxh3 {[%emt 0:00:03]} 53. gxh3 {[%emt 0:00:05]} c1=Q+ {[%emt 0:00:05]} 54. Nxc1 {[%emt 0:00:00]} Ke5 {[%emt 0:00:03]} 55. Ne2 $18 {[%emt 0:00:44]} Ke4 {[%emt 0:00:07]} 56. Ng1 {[%emt 0:00:16]} 1-0

[Event "29th CRO-chT Junior 2020"]
[Site "Cakovec"]
[Date "2020.07.16"]
[Round "5.8"]
[White "Martic, Filip"]
[Black "Cecic-Sule, Dino"]
[Result "1/2-1/2"]
[WhiteElo "1656"]
[BlackElo "1695"]
[Annotator "NA RC"]
[PlyCount "110"]
[EventDate "2020.07.14"]
[EventType "team-tourn"]
[EventCountry "CRO"]
[SourceTitle "playchess.com"]
[Source "ChessBase"]
[SourceQuality "1"]
[TimeControl "5400+30"]

1. d4 {[%emt 0:00:30]} d5 {[%emt 0:01:30]} 2. Nf3 {[%emt 0:00:30]} Nf6 {[%emt 0:00:00]} 3. c4 {[%emt 0:00:30]} e6 {[%emt 0:00:00]} 4. Nc3 {[%emt 0:00:30]} Be7 {[%emt 0:00:30]} 5. Bf4 {[%emt 0:00:30]} O-O {[%emt 0:00:30]} 6. e3 {[%emt 0:00:30]} b6 {[%emt 0:00:30]} 7. cxd5 {[%emt 0:00:30]} Nxd5 {[%emt 0:07:30]} 8. Bg3 {[%emt 0:02:30]} Nxc3 {[%emt 0:03:30]} 9. bxc3 {[%emt 0:00:30]} Bb7 {[%emt 0:00:30]} 10. Be2 {[%emt 0:01:30]} Nd7 {[%emt 0:00:30]} 11. O-O {[%emt 0:04:30]} c5 {[%emt 0:01:30]} 12. Rc1 {[%emt 0:05:30]} Nf6 {[%emt 0:04:30]} 13. Qa4 {[%emt 0:08:30]} Ne4 {[%emt 0:11:30]} 14. Rfd1 {[%emt 0:08:30]} Nxg3 {[%emt 0:02:30]} 15. hxg3 {[%emt 0:00:00]} Qc7 {[%emt 0:06:30]} 16. Ne5 {[%emt 0:10:00]} f6 {[%emt 0:06:30]} 17. Nd3 {[%emt 0:01:30]} e5 {[%emt 0:21:30]} 18. dxc5 {[%emt 0:06:30]} bxc5 {[%emt 0:03:30]} 19. Qc4+ {[%emt 0:03:30]} Kh8 {[%emt 0:00:30]} 20. Nb4 {[%emt 0:01:30]} Rad8 {[%emt 0:04:30]} 21. Nd5 {[%emt 0:03:30]} Bxd5 {[%emt 0:00:30]} 22. Rxd5 {[%emt 0:00:30]} Rxd5 {[%emt 0:00:30]} 23. Qxd5 {[%emt 0:00:00]} Rd8 {[%emt 0:00:30]} 24. Qc4 {[%emt 0:00:00]} g6 {[%emt 0:01:30]} 25. Rd1 {[%emt 0:05:30]} Rxd1+ {[%emt 0:00:30]} 26. Bxd1 {[%emt 0:00:30]} Kg7 {[%emt 0:00:30]} 27. Bb3 {[%emt 0:00:00]} Bd6 {[%emt 0:05:32]} 28. Qg8+ {[%emt 0:07:00]} Kh6 {[%emt 0:00:08]} 29. Qe6 {[%emt 0:01:30]} Qe7 {[%emt 0:00:33]} 30. Qh3+ {[%emt 0:00:30]} Kg7 {[%emt 0:00:05]} 31. Qc8 {[%emt 0:00:30]} Qf8 {[%emt 0:00:43]} 32. Qb7+ {[%emt 0:00:30]} Qe7 {[%emt 0:00:06]} 33. Qd5 {[%emt 0:00:30]} f5 {[%emt 0:07:57]} 34. e4 {[%emt 0:02:30]} fxe4 {[%emt 0:03:21]} 35. Qxe4 {[%emt 0:00:30]} Qg5 {[%emt 0:02:45]} 36. Qb7+ {[%emt 0:01:30]} Qe7 {[%emt 0:01:27]} 37. Qc8 {[%emt 0:02:30]} e4 {[%emt 0:00:25]} 38. Qe6 {[%emt 0:02:30]} Qxe6 {[%emt 0:00:21]} 39. Bxe6 {[%emt 0:00:30]} Kf6 {[%emt 0:01:38]} 40. Bb3 {[%emt 0:01:30]} Be5 {[%emt 0:00:16]} 41. c4 {[%emt 0:01:10]} Bc3 {[%emt 0:01:19]} 42. Kf1 {[%emt 0:00:19]} Ke5 {[%emt 0:00:01]} 43. Ke2 {[%emt 0:00:09]} Kd4 {[%emt 0:00:48]} 44. g4 {[%emt 0:00:58]} g5 {[%emt 0:00:21]} 45. Bc2 {[%emt 0:05:21]} h6 {[%emt 0:00:01]} 46. Bb3 {[%emt 0:01:00]} Ba5 {[%emt 0:00:15]} 47. g3 {[%emt 0:00:22]} Bc3 {[%emt 0:01:03]} 48. Bc2 {[%emt 0:00:20]} a5 {[%emt 0:00:45]} 49. Bb3 {[%emt 0:00:34]} Bb2 {[%emt 0:00:05]} 50. Kd2 {[%emt 0:00:48]} Ba3 {[%emt 0:00:10]} 51. Bc2 {[%emt 0:02:59]} Bb4+ {[%emt 0:00:46]} 52. Ke2 {[%emt 0:00:06]} Kxc4 {[%emt 0:01:01]} 53. Bxe4 {[%emt 0:00:02]} Kd4 {[%emt 0:00:00]} 54. Bh7 {[%emt 0:00:25]} c4 {[%emt 0:00:48]} 55. Kd1 {[%emt 0:00:42]} Ke5 {[%emt 0:01:56]} 1/2-1/2

[Event "29th CRO-chT Junior 2020"]
[Site "Cakovec"]
[Date "2020.07.16"]
[Round "5.9"]
[White "Jambresic, Filip"]
[Black "Sos, Fran"]
[Result "1/2-1/2"]
[WhiteElo "2077"]
[BlackElo "2024"]
[Annotator "TA"]
[PlyCount "86"]
[EventDate "2020.07.14"]
[EventType "team-tourn"]
[EventCountry "CRO"]
[SourceTitle "playchess.com"]
[Source "ChessBase"]
[SourceQuality "1"]

{[%evp 19,86,1,44,30,31,0,37,43,58,16,40,0,7,9,47,44,39,0,39,18,16,0,39,0,0,0,0,0,18,-90,-101,-97,-115,-109,-75,-184,-37,-43,-29,-144,-152,-202,-112,-147,0,0,0,0,0,0,0,0,0,0,0,-84,-88,-89,0,0,0,0,0,0,0,0,0,0,0]} 1. Nf3 c5 2. c4 g6 3. g3 Bg7 4. Bg2 Nc6 5. Nc3 e5 6. O-O Nge7 7. d3 d6 8. Nd5 O-O 9. e4 Nxd5 10. cxd5 Ne7 11. Rb1 {A37: Symmetrical English vs ...g6: 4 Bg2 Bg7 5 Nf3.} a5 12. a3 {[%cal Ba2a3,Ba3b4][%mdl 32]} f5 13. b4 {[#] White is slightly better.} b6 $146 ({Predecessor:} 13... cxb4 14. axb4 a4 15. b5 a3 16. Bd2 Bd7 17. Qb3 Qb6 18. Qb4 a2 19. Ra1 Bxb5 {1-0 (34) Mandla,B (2116)-Stojic,D (2219) Manly Sydney 2009}) 14. h3 Bd7 15. Nd2 Bb5 16. Nc4 axb4 17. axb4 fxe4 18. Bxe4 Bd7 (18... Ba4 $5 {[%cal Ra4d1]} 19. Qe2 b5 $11) 19. h4 Bh3 20. Re1 Ra2 (20... b5 $5 {[%cal Rb5c4]} 21. Ne3 cxb4 $15) 21. Rb2 Rxb2 22. Bxb2 b5 23. Ne3 Nf5 24. Nxf5 (24. bxc5 $11 {remains equal.} Nxe3 25. Rxe3) 24... gxf5 $17 25. Bg2 Bxg2 26. Kxg2 cxb4 27. Bc1 (27. f4 $17 {is a better defense.}) 27... Qc7 (27... Qa8 $19 28. Qf3 Qa2) 28. Bd2 $1 $15 Qf7 29. Qf3 (29. Bxb4 $11 Qxd5+ 30. Qf3) 29... b3 $17 30. Rb1 {[#]} b2 $1 {[%mdl 512]} 31. Bc3 (31. Rxb2 e4) 31... e4 ({Black should play} 31... Qa7 $17 32. Qd1 Qa3 33. Bxb2 Qa2) 32. dxe4 $11 Bxc3 33. Qxc3 fxe4 34. Rxb2 Qxd5 {[%mdl 4096] Endgame Strongly threatening ...e3+. KQR-KQR} 35. Rd2 Qc5 36. Qb3+ Rf7 37. Qd5 (37. Qe6 $11 {keeps the balance.}) 37... Qxd5 $17 38. Rxd5 {[#] KR-KR} Rd7 (38... Rb7 $1 $17 {And now ...b4 would win.} 39. Rxd6 b4) 39. Rxb5 $11 {The position is equal.} d5 40. Kf1 Kf7 41. Rb6 Ke7 42. Ke2 Rd6 43. Rb7+ Rd7 {Accuracy: White = 55%, Black = 62%.} 1/2-1/2

[Event "29th CRO-chT Junior 2020"]
[Site "Cakovec"]
[Date "2020.07.16"]
[Round "5.10"]
[White "Borzan, Andrej"]
[Black "Karlusic, Luka"]
[Result "0-1"]
[WhiteElo "1983"]
[BlackElo "2169"]
[Annotator "TA"]
[PlyCount "84"]
[EventDate "2020.07.14"]
[EventType "team-tourn"]
[EventCountry "CRO"]
[SourceTitle "playchess.com"]
[Source "ChessBase"]
[SourceQuality "1"]

{[%evp 25,84,0,0,0,0,0,8,-23,49,20,45,30,45,4,19,20,62,57,153,83,73,-170,-164,-154,-81,-81,-82,-139,-109,-173,-170,-275,-262,-345,-348,-422,-416,-370,-330,-901,-899,-1084,-1193,-1289,-1240,-1046,-927,-1232,-1135,-1551,-856,-1410,-1308,-2780,-2349,-29965,-7087,-29995,-29996,-29996,-29980]} 1. d4 d5 2. c4 e6 3. Nc3 Nf6 4. Bg5 Be7 5. Nf3 O-O 6. e3 h6 7. Bh4 b6 8. cxd5 Nxd5 9. Bxe7 Qxe7 10. Nxd5 exd5 11. Rc1 Be6 12. Qa4 c5 13. Qa3 Rc8 14. Be2 {D59: Queen's Gambit Declined: Tartakower Defence: Main line (8 cxd5 Nxd5).} Kf8 15. b3 Nd7 16. O-O {The position is equal.} g5 (16... c4 $11 17. Qxe7+ Kxe7) 17. Bb5 a6 18. Bxd7 ({Weaker is} 18. Bxa6 Nb8 $17) 18... Bxd7 19. Ne5 Bb5 20. Rfe1 Rc7 21. Qb2 {aiming for dxc5.} Qe6 {[#]} ({Black should play} 21... Kg7 $1 $14) 22. dxc5 (22. e4 $142 $1 {[%cal Re4d5]} dxe4 23. Rxe4) 22... bxc5 $16 23. Nd7+ $2 (23. a4 $16 f6 24. Ng4 (24. axb5 Qxe5 25. Qa2 Qd6 $14)) 23... Qxd7 $19 24. a4 {[#]} Kg8 (24... Bc6 $142 $1 {White must now prevent ...Qd6.} 25. Qh8+ {[%mdl 64] Double Attack} Ke7 26. Qe5+ Kd8 27. Qh8+ Qe8 28. Qxh6 Qe7) 25. axb5 $17 axb5 26. f4 (26. h3 $142) 26... Qe6 27. Qe2 (27. e4 $17) 27... c4 $19 28. bxc4 (28. fxg5 {was necessary.} hxg5 29. Qb2) 28... dxc4 29. fxg5 hxg5 30. Qf3 Rac8 31. Rb1 Rc5 32. Rf1 $2 (32. Qe2) 32... c3 33. Qb7 c2 34. Rbc1 Qxe3+ 35. Kh1 R8c7 36. Qb8+ Kg7 {Threatens to win with ...Qxc1!} 37. Qd8 Qe7 38. Qd4+ Qe5 39. Qd8 b4 40. h4 Rc4 41. Rfe1 Rxh4+ 42. Kg1 Qd4+ {Accuracy: White = 22%, Black = 62%.} 0-1

[Event "29th CRO-chT Junior 2020"]
[Site "Cakovec"]
[Date "2020.07.16"]
[Round "5.11"]
[White "Cigrovski, Jakov"]
[Black "Colev, Ivor"]
[Result "1-0"]
[WhiteElo "2010"]
[BlackElo "1893"]
[Annotator "TA"]
[PlyCount "91"]
[EventDate "2020.07.14"]
[EventType "team-tourn"]
[EventCountry "CRO"]
[SourceTitle "playchess.com"]
[Source "ChessBase"]
[SourceQuality "1"]

{[%evp 9,91,42,46,0,0,0,28,18,91,48,49,47,70,37,45,41,70,74,102,102,152,145,187,114,175,110,126,140,135,131,179,63,107,77,99,111,97,-46,0,-91,-91,-86,-80,-107,0,0,26,0,32,0,405,409,607,611,581,568,600,589,523,391,475,423,414,421,488,454,468,457,449,458,450,429,464,458,523,527,541,534,1004,985,1026,971,996,945]} 1. c4 f5 2. Nc3 Nf6 3. d4 g6 4. h4 d6 5. h5 Nxh5 6. Rxh5 {A85: Dutch Defence: 2 c4 Nf6 3 Nc3.} (6. e4 $5 {[%cal Re4f5]}) 6... gxh5 7. e4 Bg7 8. Qxh5+ {[%mdl 64] [#] Double Attack. White has an edge.} Kd7 (8... Kf8 $11) 9. Be3 {[#]} Qe8 $146 ({Predecessor:} 9... c6 10. Qxf5+ Kc7 11. Qa5+ b6 12. Qa3 Nd7 13. O-O-O Qf8 14. Nge2 Nf6 15. c5 Bd7 16. cxd6+ exd6 {1-0 (62) Hoffman,A (2485)-Rodriguez Vila,A (2479) Santos 2003}) 10. Qxf5+ Kd8 11. Qf3 {[%mdl 1024] White has compensation.} (11. Qg5 {keeps more tension.} Qg6 12. Qh4 Bf6 13. Qh1 Nc6 14. O-O-O) 11... Nc6 12. O-O-O Qg6 {White must now prevent ...Bg4.} 13. Qe2 b6 14. Qd2 Bb7 15. f4 Kd7 16. g3 ({Better is} 16. f5 $18 Qe8 17. Nf3) 16... Rae8 {[#]} (16... Kc8 $16 {keeps fighting.}) 17. Bh3+ (17. d5 $1 $18) 17... Kd8 $16 18. Nf3 {Hoping for Ng5.} h6 ({Not} 18... Qxg3 $2 19. Ng5 $18) 19. Bf5 Qf7 20. Qd3 (20. d5 $18) 20... Nb4 21. Qe2 Bc8 22. Bxc8 $40 {[%mdl 128] Black is in trouble.} Kxc8 23. c5 (23. e5 $16) 23... dxc5 24. a3 (24. d5 $11 {remains equal.} Kb7 25. a3 Bxc3 26. bxc3) 24... Na2+ $17 25. Nxa2 Qxa2 26. e5 c4 ({Black should try} 26... Rd8 $17 27. dxc5 Rxd1+ 28. Qxd1 Rd8) 27. Bd2 $1 $11 e6 28. Bc3 Rd8 29. Nd2 b5 $2 {[%mdl 8192] Black is now going downhill.} (29... Kb8 $11) 30. Qg4 $1 $18 {[%csl LRe6,LRg7][%mdl 64] Double Attack} Rhg8 (30... b4 $142) 31. Qxe6+ Kb8 32. Qc6 b4 33. Qb5+ Ka8 34. Qxb4 Rb8 35. Qxc4 Qxc4 36. Nxc4 Rbd8 {White is clearly winning.} 37. Rf1 Bf8 38. Rf3 c5 39. dxc5 Bxc5 40. f5 Rg4 41. Nd2 Bf8 42. e6 Rc8 43. f6 Bd6 44. e7 Kb7 45. Re3 Bxe7 46. fxe7 {Accuracy: White = 63%, Black = 33%.} 1-0

[Event "29th CRO-chT Junior 2020"]
[Site "Cakovec"]
[Date "2020.07.16"]
[Round "5.12"]
[White "Poljan, Max"]
[Black "Mahecic, Lovre"]
[Result "0-1"]
[WhiteElo "1618"]
[BlackElo "1949"]
[Annotator "TA"]
[PlyCount "46"]
[EventDate "2020.07.14"]
[EventType "team-tourn"]
[EventCountry "CRO"]
[SourceTitle "playchess.com"]
[Source "ChessBase"]
[SourceQuality "1"]

{[%evp 9,46,-27,-21,-25,-12,-10,-9,-33,-40,-40,11,-57,-69,-72,-59,-65,-13,-50,-21,-23,-10,-33,-21,-55,-68,-127,-127,-238,-231,-210,-175,-184,-181,-183,-169,-609,-306,-1230,-1184]} 1. d4 Nf6 2. Nf3 d5 3. e3 c5 4. b3 Nc6 5. Bd3 Bg4 6. Bb2 {D04: Colle System.} e6 7. Be2 Bd6 8. Ne5 {The position is equal.} Bxe2 9. Qxe2 {[#]} Qc7 $146 (9... cxd4 $15 10. Nxc6 bxc6) ({Predecessor:} 9... O-O 10. O-O Nd7 11. f4 f6 12. Nxd7 Qxd7 13. Nd2 e5 14. c4 exd4 15. exd4 Nb4 16. cxd5 cxd4 17. Qc4 {0-1 (17) Gomes,G (1613)-Caldas,R (1391) Recife 2019}) 10. f4 ({White should try} 10. Nxc6 $11 Qxc6 11. dxc5 Qxc5 12. O-O) 10... cxd4 $15 11. exd4 Ne4 12. c3 Ne7 (12... g5 $15) 13. g3 (13. Qb5+ {is more complex.} Kf8 14. Qe2 h5 15. O-O Qa5 16. Nd2) 13... Bxe5 14. fxe5 O-O $36 {[%mdl 2048] Black has good play.} 15. O-O Nf5 16. Qd3 f6 17. exf6 ({Better is} 17. Nd2 $15) 17... Rxf6 $17 {aiming for ...Rg6.} 18. Nd2 {[#]} (18. Bc1 $17 {only move.}) 18... Rg6 $1 $19 19. Rf3 Ng5 20. Rff1 Rf8 {...Nh3+ is the strong threat.} 21. Ba3 Rff6 22. Qb5 $2 {[#]} (22. Rae1) 22... Qb8 23. Rf4 $2 (23. Kg2 Ne3+ {[%mdl 64] Double Attack} 24. Kh1) 23... Nh3+ {[%mdl 64] Double Attack. Accuracy: White = 37%, Black = 73%.} 0-1

[Event "29th CRO-chT Junior 2020"]
[Site "Cakovec"]
[Date "2020.07.16"]
[Round "5.13"]
[White "Ljubicic, Mario"]
[Black "Haidinger, Erik"]
[Result "1/2-1/2"]
[WhiteElo "1966"]
[BlackElo "1767"]
[Annotator "TA"]
[PlyCount "153"]
[EventDate "2020.07.14"]
[EventType "team-tourn"]
[EventCountry "CRO"]
[SourceTitle "playchess.com"]
[Source "ChessBase"]
[SourceQuality "1"]

{[%evp 23,153,-10,-25,-22,0,0,0,-8,-9,-18,0,0,0,0,50,46,56,58,80,54,54,4,6,4,4,2,2,0,0,0,0,0,0,0,0,0,0,0,0,0,0,0,4,4,6,0,4,0,10,3,16,15,25,0,0,0,0,0,0,-5,-5,-9,0,-48,0,0,0,0,0,0,0,0,0,0,0,0,0,0,0,0,0,0,0,0,0,0,0,0,0,0,0,0,0,0,0,0,0,0,0,0,0,0,0,0,0,0,0,0,0,0,0,0,0,0,0,0,0,0,0,0,0,0,0,-8,-8,-103,-8,-48,-7,-7,-7,-7]} 1. e4 c5 2. Nf3 d6 3. d4 cxd4 4. Nxd4 Nf6 5. Nc3 g6 6. f3 Bg7 7. Be3 O-O 8. Qd2 Nc6 9. O-O-O d5 10. exd5 Nxd5 11. Nxd5 Qxd5 12. Nxc6 Qxc6 13. Bh6 {B76: Sicilian Dragon: Yugoslav Attack, 9 g4 and 9 0-0-0.} Bf5 14. Bxg7 Kxg7 15. Bd3 {With the idea Bxf5.} Rfd8 16. Qe2 {Black should prevent Bxf5.} Be6 {[#]} 17. h4 $146 ({Predecessor:} 17. a3 a6 18. g3 Rac8 19. Be4 Bd5 20. Bxd5 Rxd5 21. Rxd5 Qxd5 22. Qxe7 {½-½ (22) Troshchenko,P (2212)-Ivanenko,O (2103) Yuzhny 2010}) 17... Qd5 18. b3 Qd4 19. Kb1 Qf6 20. h5 a5 21. hxg6 hxg6 22. Qd2 a4 23. Qh6+ Kg8 24. Qh7+ Kf8 25. Qh8+ (25. Be2 {with more complications.} Rdc8 26. Qh8+ Qxh8 27. Rxh8+ Kg7 28. Rh4) 25... Qxh8 26. Rxh8+ Kg7 27. Rh4 axb3 28. axb3 Rd6 29. Rb4 b6 30. Kb2 Bf5 31. g4 Bxd3 32. Rxd3 $11 {[%mdl 4096] Endgame KRR-KRR} Rad8 33. Re3 e6 34. Rc3 R8d7 35. Rc8 Rb7 36. Kc3 Rd5 37. Rc6 b5 38. f4 g5 39. fxg5 Rxg5 40. Kd3 Rd7+ 41. Ke3 Rd1 42. Rc7 Kg6 43. Rb7 Rdd5 44. Rf4 f5 45. gxf5+ Rdxf5 46. Rxf5 Rxf5 {KR-KR} 47. Ke4 Rc5 48. Kd3 Rd5+ 49. Ke3 Rc5 50. Kd2 Kf5 51. b4 Rd5+ 52. Ke3 Re5+ 53. Kd3 Rd5+ 54. Ke3 Re5+ 55. Kf3 Rd5 56. Rc7 Ke5 57. Ke3 Kd6 58. Rc8 Ke5 59. Rc6 Rd1 60. Rc5+ Rd5 61. Rc8 Rd1 62. Rb8 Rd5 63. Rb6 Kf5 64. Rc6 Ke5 65. Rc7 Kd6 66. Rc8 Ke5 67. Rh8 Kd6 68. Ke4 {[#] Black must now prevent Rd8+.} Re5+ 69. Kd4 Rd5+ 70. Kc3 Ke5 71. Rc8 Rd1 72. Kb3 Rb1+ 73. Ka2 Rxb4 {[#] Strongly threatening ...Rc4.} 74. Rc5+ (74. Rb8 $11) 74... Kd4 (74... Kf4 $17 {Threatens to win with ...Rc4.} 75. Ka3 Rc4 76. Rxb5 Rxc2 77. Rb4+ Ke3 78. Rb3+ Kd4) 75. Rc6 $1 Rc4 76. Rxe6 Rxc2+ 77. Kb3 {Accuracy: White = 90%, Black = 91%.} 1/2-1/2

[Event "29th CRO-chT Junior 2020"]
[Site "Cakovec"]
[Date "2020.07.16"]
[Round "5.14"]
[White "Sundac, Ivano"]
[Black "Mijic, Karlo"]
[Result "1-0"]
[WhiteElo "1408"]
[BlackElo "1729"]
[Annotator "NA RC"]
[PlyCount "89"]
[EventDate "2020.07.14"]
[EventType "team-tourn"]
[EventCountry "CRO"]
[SourceTitle "playchess.com"]
[Source "ChessBase"]
[SourceQuality "1"]
[TimeControl "5400+30"]

1. d4 {[%emt 0:00:30]} Nf6 {[%emt 0:00:30]} 2. Bf4 {[%emt 0:00:00]} d5 {[%emt 0:00:30]} 3. e3 {[%emt 0:00:00]} e6 {[%emt 0:00:00]} 4. Nf3 {[%emt 0:00:00]} Bd6 {[%emt 0:00:00]} 5. Ne5 {[%emt 0:00:00]} O-O {[%emt 0:00:30]} 6. Nd2 {[%emt 0:00:30]} c5 {[%emt 0:00:00]} 7. c3 {[%emt 0:00:00]} Qc7 {[%emt 0:00:00]} 8. Bd3 {[%emt 0:01:00]} Nc6 {[%emt 0:00:30]} 9. Ndf3 {[%emt 0:00:30]} cxd4 {[%emt 0:00:00]} 10. exd4 {[%emt 0:00:30]} Ne4 {[%emt 0:00:00]} 11. Bg3 {[%emt 0:11:30]} f6 {[%emt 0:01:30]} 12. Nxc6 {[%emt 0:01:30]} bxc6 {[%emt 0:00:30]} 13. Qc2 {[%emt 0:00:30]} f5 {[%emt 0:08:30]} 14. Bxd6 {[%emt 0:00:30]} Qxd6 {[%emt 0:00:30]} 15. Ne5 {[%emt 0:01:30]} a5 {[%emt 0:09:30]} 16. f3 {[%emt 0:03:30]} Nf6 {[%emt 0:00:00]} 17. O-O {[%emt 0:06:30]} Ba6 {[%emt 0:00:00]} 18. Rfe1 {[%emt 0:00:30]} c5 {[%emt 0:07:30]} 19. Bxa6 {[%emt 0:01:30]} Rxa6 {[%emt 0:00:30]} 20. Nd3 {[%emt 0:02:30]} cxd4 {[%emt 0:01:30]} 21. cxd4 {[%emt 0:00:30]} Nd7 {[%emt 0:05:30]} 22. Rac1 {[%emt 0:00:30]} Rb8 {[%emt 0:06:30]} 23. Qd2 {[%emt 0:10:30]} Qb6 {[%emt 0:00:30]} 24. Qf4 {[%emt 0:02:30]} Kf7 {[%emt 0:11:30]} 25. Rc7 {[%emt 0:03:30]} Ra7 {[%emt 0:05:30]} 26. Ne5+ {[%emt 0:04:30]} Ke8 {[%emt 0:00:30]} 27. Rc6 {[%emt 0:00:30]} Qb4 {[%emt 0:01:30]} 28. Rxe6+ {[%emt 0:00:30]} Kf8 {[%emt 0:00:30]} 29. Nxd7+ {[%emt 0:01:30]} Rxd7 {[%emt 0:00:30]} 30. Qxf5+ {[%emt 0:00:30]} Rf7 {[%emt 0:00:00]} 31. Qxd5 {[%emt 0:01:30]} g6 {[%emt 0:01:00]} 32. Qe5 {[%emt 0:01:30]} Kg8 {[%emt 0:02:30]} 33. Qxb8+ {[%emt 0:00:30]} Qxb8 {[%emt 0:00:30]} 34. Re8+ {[%emt 0:00:30]} Rf8 {[%emt 0:00:30]} 35. Rxb8 {[%emt 0:00:00]} Rxb8 {[%emt 0:00:00]} 36. b3 {[%emt 0:00:00]} Rb4 {[%emt 0:01:00]} 37. Rd1 {[%emt 0:00:30]} Kf7 {[%emt 0:00:00]} 38. Kf2 {[%emt 0:00:00]} a4 {[%emt 0:00:00]} 39. Rd3 {[%emt 0:00:00]} Ke6 {[%emt 0:00:30]} 40. Ke3 {[%emt 0:00:30]} Kd5 {[%emt 0:00:30]} 41. Rc3 {[%emt 0:00:30]} Rxd4 {[%emt 0:00:30]} 42. Rd3 {[%emt 0:00:00]} Rxd3+ {[%emt 0:00:30]} 43. Kxd3 {[%emt 0:00:00]} a3 {[%emt 0:00:30]} 44. b4 {[%emt 0:00:30]} Ke5 {[%emt 0:01:30]} 45. Kc4 {[%emt 0:00:00]} 1-0